Language Quiz

Random Language or Popular Quiz

From the Most Popular Language Quizzes Stats

 Plays Quiz Updated Jul 5, 2017

Support Sporcle.
Go Orange.
Score 0/15 Timer 04:00
3 Plays Today
Question Answer Wrong Answers
From WORD LADDRYINTH II
What word is one letter different from MOST and means 'has to'?
MUST
90.8%
LOST
0.5%
MIST
0.4%
MOSH
0.6%
From GIANT WORD LADDER II
What word is one letter different from BOAT and means 'layer'?
COAT
88.2%
BOLD
1%
COST
0.7%
BOLT
2.9%
From WORD LADDYRINTH
What word goes between TINT and FINE and means 'fork prong'?
TINE
84%
FINT
6.7%
TONE
3.1%
PINT
2.1%
From OO WORDS
What word means 'a western U.S. cowboy'?
Buckaroo
82.6%
Cockatoo
1.3%
Yahoo
5.3%
Ballyhoo
2.6%
From GIANT WORD LADDER I
What word is one letter different from 'PARK' and means 'trim off'?
PARE
82.2%
PARM
6.6%
PERK
4.3%
PORK
1.2%
From COMMONEST ENGLISH WORDS
Which word is NOT one of the top 3 most common English words?
that
70.6%
the
2.1%
be
23.9%
to
3.4%
From COMMONLY MISSPELLED WORDS
Which word is misspelled?
Vaccuum
66.9%
Conceive
6.1%
Embarrass
19.7%
Hygiene
6.5%
From US/UK WORDS
What is the American English word for the UK English word 'Draughts'?
Checkers
66.6%
Faucet
22.1%
Wrench
4.2%
Vest
1.8%
From BEGINS AND ENDS WITH 'D'
Which of these is a tree nymph (Greek mythology)?
Dryad
65.7%
Demigod
4.5%
Druid
20.6%
Deltoid
2.7%
From THE BLACK QUIZ
Which of these is a Canadian whisky brand?
Black Velvet
64.2%
Black Sheep
14.8%
Blackberry
2.9%
Black Magic
12%
From COMMONLY MISSPELLED WORDS III
Which word is misspelled?
Heirarchy
58.3%
Parallel
10%
Fluorescent
12.5%
Medieval
11.2%
From RHYMES WITH CAT
What is not a Scrabble legal one syllable word that rhymes with 'cat'?
Slaght
53.9%
Matte
8.9%
Batt
25.3%
Plat
9.1%
From COMMONLY MISSPELLED WORDS II
Which word is misspelled?
Occassionally
51.4%
Discipline
1.7%
Aficionado
27.4%
Accommodate
12.7%
From MOST SPOKEN LANGUAGES
Mandarin is the most common native language in the world with 1.284 billion speakers. What is second, with 437 million?
Spanish
33.5%
English
34%
Arabic
14.5%
Hindi
16%
From GREEK ALPHABET
What is the Greek letter written Ξ or ξ?
Xi
21.5%
Upsilon
19.4%
Eta
45.7%
Psi
8.8%

You're not logged in!

Compare scores with friends on all Sporcle quizzes.
OR
Log In
Forgot?

From the Vault

40 English Women

by Cortez

If you know the author of 'Harry Potter' and the longest reigning female monarch in history, then you've got this quiz in the bag.
Remove Ads.
Support Sporcle.
Get the best of Sporcle when you Go Orange. This ad-free experience offers more features, more stats, and more fun while also helping to support Sporcle. Thank you for becoming a member.

Show Comments

Extras

Top Quizzes Today


Score Distribution

Your Account Isn't Verified!

In order to create a playlist on Sporcle, you need to verify the email address you used during registration. Go to your Sporcle Settings to finish the process.

Report this User

Report this user for behavior that violates our Community Guidelines.

Details: